000 00296nam a22001337a 4500
008 181218b xxu||||| |||| 00| 0 eng d
020 _a071831003508
041 _aeng
080 _a038
100 _a23
101 _aFJA
245 _aSpanish-English Dictionary
_cGonzalez,M
942 _2udc
_cBK
999 _c53481
_d53481